Chosen by God / (Record no. 9215)

MARC details
000 -LEADER
fixed length control field 01017cam a2200289 a 4500
001 - CONTROL NUMBER
control field 15152876
003 - CONTROL NUMBER IDENTIFIER
control field OCoLC
005 - DATE AND TIME OF LATEST TRANSACTION
control field 20241126110707.0
008 - FIXED-LENGTH DATA ELEMENTS--GENERAL INFORMATION
fixed length control field 860602s1986 ilua 000 0 eng
010 ## -
-- 86050651
020 ## - INTERNATIONAL STANDARD BOOK NUMBER
International Standard Book Number 0842302824 :
020 ## - INTERNATIONAL STANDARD BOOK NUMBER
International Standard Book Number 9780842302821
020 ## - INTERNATIONAL STANDARD BOOK NUMBER
International Standard Book Number 0842313354 (pbk.)
020 ## - INTERNATIONAL STANDARD BOOK NUMBER
International Standard Book Number 9780842313353 (pbk.)
035 ## - SYSTEM CONTROL NUMBER
System control number (OCoLC)15152876
Canceled/invalid control number (OCoLC)15164196
-- (OCoLC)57397314
040 ## - CATALOGING SOURCE
Original cataloging agency DLC
Transcribing agency DLC
Modifying agency OKE
-- BAKER
-- OCLCG
-- YDXCP
-- LMR
-- TXBXL
-- BDX
-- ATH
050 04 -
-- BT810.2
-- .S69 1986
050 04 -
-- BT810.2
-- .S69 1986
082 ## - DEWEY DECIMAL CLASSIFICATION NUMBER
Classification number 234.9
Item number SPR
100 1# - MAIN ENTRY--PERSONAL NAME
Personal name Sproul, R. C.
Fuller form of name (Robert Charles),
Dates associated with a name 1939-2017.
9 (RLIN) 16028
245 10 - TITLE STATEMENT
Title Chosen by God /
Statement of responsibility, etc. R.C. Sproul.
260 ## - PUBLICATION, DISTRIBUTION, ETC.
Place of publication, distribution, etc. Wheaton, Ill. :
Name of publisher, distributor, etc. Tyndale House Publishers,
Date of publication, distribution, etc. c1986.
300 ## - PHYSICAL DESCRIPTION
Extent 213 p. :
Other physical details ill. ;
Dimensions 22 cm.
520 ## - SUMMARY, ETC.
Summary, etc. The author presents an analysis of the subject of predestination and the sovereignty of God and offers scriptural references to support his opinion.
650 #0 - SUBJECT ADDED ENTRY--TOPICAL TERM
Topical term or geographic name entry element Predestination.
9 (RLIN) 8666
942 ## - ADDED ENTRY ELEMENTS (KOHA)
Source of classification or shelving scheme Dewey Decimal Classification
Koha item type Books
Koha issues (borrowed), all copies 1
Holdings
Withdrawn status Lost status Source of classification or shelving scheme Damaged status Not for loan Home library Current Library Shelving location Date acquired Total checkouts Total renewals Full call number Barcode Date last seen Date last checked out Copy number Price effective from Koha item type
    Dewey Decimal Classification     GRACE BIBLE COLLEGE GRACE BIBLE COLLEGE Theology 2022-06-16 2 1 234.9 SPR 015647 2025-10-10 2025-10-07 c.1 2022-06-16 Books
© Grace Bible College Library 2025